| 000 | 00533nam a2200193 a 4500 | ||
|---|---|---|---|
| 008 | |||
| 049 | _aMAIN | ||
| 090 | 0 | 0 | _aKF439 |
| 100 | _aReynolds, D. A. | ||
| 245 | 1 | 0 |
_aAn introduction to law / _cD. A. Reynolds; assisted by J. A. Russell. |
| 260 |
_aHarare : _bGovernment Printers, _c1983. |
||
| 300 |
_a119 p. ; _c30 cm. |
||
| 650 | 0 |
_aLaw _zZimbabwe. |
|
| 907 |
_a.b10161697 _b14-02-07 _c21-04-05 |
||
| 003 | |||
| 005 | 20230120153118.0 | ||
| 040 | _cNUST | ||
| 942 |
_cBOOKS _kKF439 |
||
| 999 |
_c98962 _d98962 |
||